[Event "Jatai Kativa IRT"]
[Site "Jatai"]
[Date "2012.05.01"]
[Round "8"]
[White "Martins Silva, Vitor de Souza"]
[Black "De Oliveira, Aquiles Machado"]
[Result "1-0"]
[WhiteElo "1953"]
[BlackElo "2096"]
[PlyCount "85"]
[EventDate "2012.04.28"]
[EventType "tourn"]
[EventRounds "9"]
[EventCountry "BRA"]
[SourceTitle "CBM 148 Extra"]
[Source "ChessBase"]
[SourceDate "2012.06.22"]
[SourceVersion "1"]
[SourceVersionDate "2012.06.22"]
[SourceQuality "1"]

1. d4 Nf6 2. Nd2 d5 3. e3 c5 4. c3 cxd4 5. exd4 Bf5 6. f4 Qc7 7. Ndf3 e6 8. Bd3 Bxd3 9. Qxd3 Bd6 10. Ne2 Ne4 11. Ng3 Nxg3 12. hxg3 h6 13. Qe3 Nd7 14. Bd2 0-0-0 15. Rc1 Kb8 16. Ne5 Nf6 17. c4 dxc4 18. Nxc4 Nd5 19. Qb3 Ka8 20. Ba5 Qd7 21. Bxd8 Rxd8 22. Nxd6 Qxd6 23. 0-0 Ne7 24. Rc4 Kb8 25. Rfc1 Nd5 26. R4c2 g6 27. Qc4 Qd7 28. a4 a5 29. Qc5 b6 30. Qc6 Qxc6 31. Rxc6 h5 32. Kf2 Kb7 33. Kf3 Kb8 34. g4 hxg4+ 35. Kxg4 Kb7 36. Kf3 Kb8 37. g3 Kb7 38. Ke4 Kb8 39. Ke5 Rh8 40. g4 Rd8 41. f5 gxf5 42. gxf5 exf5 43. Rd6 1-0

[Event "Jatai Kativa IRT"]
[Site "Jatai"]
[Date "2012.04.29"]
[Round "4"]
[White "Martins Silva, Vitor de Souza"]
[Black "De Paula, Luciano Alves"]
[Result "1/2-1/2"]
[WhiteElo "1953"]
[BlackElo "1820"]
[PlyCount "36"]
[EventDate "2012.04.28"]
[EventType "tourn"]
[EventRounds "9"]
[EventCountry "BRA"]
[SourceTitle "CBM 148 Extra"]
[Source "ChessBase"]
[SourceDate "2012.06.22"]
[SourceVersion "1"]
[SourceVersionDate "2012.06.22"]
[SourceQuality "1"]

1. d4 d5 2. e3 Bf5 3. f4 Nf6 4. Nf3 e6 5. Bd3 Nbd7 6. Bxf5 exf5 7. 0-0 Ne4 8. Ne5 Ndf6 9. Qe2 c6 10. Nd2 Bd6 11. Rf3 Qe7 12. c4 g6 13. c5 Bc7 14. Nf1 Nd7 15. Bd2 Nxe5 16. fxe5 f6 17. exf6 Qxf6 18. Be1 Ng5 1/2-1/2

[Event "Jatai Kativa IRT"]
[Site "Jatai"]
[Date "2012.04.28"]
[Round "1"]
[White "Martins Silva, Vitor de Souza"]
[Black "Bocca, Edson Ricardo"]
[Result "1-0"]
[WhiteElo "1953"]
[BlackElo "1756"]
[PlyCount "104"]
[EventDate "2012.04.28"]
[EventType "tourn"]
[EventRounds "9"]
[EventCountry "BRA"]
[SourceTitle "CBM 148 Extra"]
[Source "ChessBase"]
[SourceDate "2012.06.22"]
[SourceVersion "1"]
[SourceVersionDate "2012.06.22"]
[SourceQuality "1"]

1. d4 d5 2. e3 Nf6 3. f4 Bf5 4. Nf3 e6 5. Be2 Be7 6. 0-0 0-0 7. Ne5 Nbd7 8. g4 Be4 9. Bf3 Bxf3 10. Qxf3 Ne4 11. Nd2 Nxe5 12. dxe5 Nxd2 13. Bxd2 c5 14. Kh1 Qb6 15. b3 Qc6 16. Rad1 Rad8 17. Ba5 b6 18. Bc3 Qa8 19. Bb2 a5 20. a4 Kh8 21. g5 Qc8 22. Kg2 c4 23. Rc1 c3 24. Ba1 Bb4 25. Rcd1 Qa8 26. h4 Rd7 27. Kg3 Qd8 28. Rd3 Qc7 29. h5 Rc8 30. Rh1 Qd8 31. h6 g6 32. Rhd1 Rc5 33. e4 Kg8 34. exd5 Rcxd5 35. Kf2 Rxd3 36. Rxd3 Qc8 37. Qd1 Rd5 38. Rxd5 exd5 39. Qxd5 Qc5+ 40. Qxc5 Bxc5+ 41. Ke2 Bb4 42. Kd3 Kf8 43. Bxc3 Bc5 44. Bd4 Ke7 45. Bxc5+ bxc5 46. Kc4 Ke6 47. Kxc5 Kf5 48. Kd4 Kxf4 49. c4 Kxg5 50. c5 Kxh6 51. c6 g5 52. c7 g4 1-0